000 01683cas a2200373 a 4500
001 10333
003 BD-RjUL
005 20211208234933.0
008 890516c19uu9999enkar s f0 0eng
035 _aBD-RjUL
040 _aDLC
_beng
_cDLC
_dOCoLC
_dBD-RjUL
_dOCoLC
041 _aeng
082 0 0 _a362.042094
_220
_bCRI 1964
245 0 0 _aCriminal statistics, England and Wales /
_pSupplementary tables.
_pSentencing by Petty Sessional Division and Commission of the Peace Area /
_cHome Office.
246 1 _aCourt proceedings by Petty Sessional Division and Commission of the Peace Area
246 3 0 _aSentencing by Petty Sessional Division and Commission of the Peace Area
246 3 0 _aCriminal statistics, England and Wales.
260 _aLondon :
_bThe Office
_c1964.
300 _axxiv,98 p.:
_c25 cm.
500 _aVols. for <1987-> have title: Criminal statistics, England and Wales. Supplementary tables. Vol. 5, Court proceedings by Petty Sessional Division and Commission of the Peace Area.
500 _a"Publication of the Government Statistical Service."
500 _aPublished by: Government Statistical Service, <1988->
650 0 _aSentences (Criminal procedure)
_zEngland
_vStatistics
_vPeriodicals.
_931923
650 0 _aSentences (Criminal procedure)
_zWales
_vStatistics
_vPeriodicals.
_931924
710 1 _aGreat Britain.
_bHome Office.
_915983
710 1 _aGreat Britain.
_bGovernment Statistical Service.
_931925
730 0 _aCriminal statistics, England and Wales.
_931926
772 0 _tCriminal statistics, England and Wales
942 _2ddc
_cBK
999 _c10333
_d10333